00987nam a2200181Ia 4500003000900000005001700009008004100026040001300067040001300080041000800093100002800101245005400129250001200183260006100195300002000256490002200276520050700298IT-RoPAU20220918175713.0120407s9999 xx 000 0 und d aIT-RoPAU cIT-RoPAU aita aAlberione, GiacomoqSSP aHaec meditarebSerie seconda: Esercizi Spirituali a1° ed. aRomabIstituto Missionario Pia Società San Paoloc1946 a147 p.c16,5 cm v5 (serie seconda) aINDICE La tiepidezza; Ancora sulla tiepidezza; Confessione settimanale; Segni di progresso spirituale; Ancora sulla Confessione; Gli impedimenti alla vita di Gesù in noi; L'unione dell'anima nostra con Dio; La riconoscenza; L'Eucaristia; Preparazione e ringraziamento alla Comunione; Gesù è la nostra vita; La vita di unione con Gesù; Vita interiore e apostolato; Ultimi ricordi; Rinnovare la volontà; I misteri del S. Rosario, La Confessione; Il S. Rosario; Gli Angeli Custodi; Il Silenzio.